00414nam a2200157 4500003001100000005001700011008004100028020001500069040003900084041000800123082001600131100002200147245001900169260004100188650002700229LK-CoMWRAF20230905143835.0230905b1974 |||||||| |||| 00| 0 eng d a0140192379 aLK-CoMWRAFdLK-CoMWRAFeLK-CoMWRAF aeng a291.62bCAS aCastaneda, Carlos aTales of power aU. S. A. :bCarlos Castaneda, c1974 aReligion and mythology